00910nam a2200253 a 450000100060000000300080000600500170001400800410003103500190007204000270009104100080011808200250012610000350015124500580018626000420024430000280028650000180031465000480033265000640038065000390044494200120048399900170049595201440051260879BD-RjUL20211209080907.0170104s1949 ii 001 0 eng  a(BD-RjUL)61003 aDLCcDLCbengdBD-RjUL aeng00a346.04223bMUT 1949 aMulla, Dinshah Farduyi918149914aThe Transfer of Property Act /cDinshah Farduyi Mulla aCalcutta :bEastern Law House,c1949. acxxvi, 886 p. ;c25 cm. aInclude index aVendors and purchasers zPakistan. 9181500 aLand titles xRegistration and transfer zPakistan.9181501 aTransfer (Law) zPakistan.9181502 2ddccBK c60879d60879 00102ddc40708NFICaRUCLbRUCLcReadingd1972-08-26eLaw book Houseg25.00l0o346.04 MUT 1949r2017-01-04 00:00:00tC-1w2021-12-09yBK